01736 a2200253 45000010003000000050017000030080041000200030015000610400040000760800068001162450023001840200022002072500011002292640032002403000018002725050939002901000027012297000021012567000019012777000033012967000021013297000020013508560112013709820260407155410.0260407a2002 arg spa dAR-UNSa-BCEJYS aAR-UNSa-BCEJYSbspacAR-UNSa-BCEJYS a336.1xFinanzas Públicas. Finanzas del gobierno en general 10aHacienda pública a978-84-481-2842-5 a5a. ed 1aMadrid :bMcGraw-Hillc2002 a556 p.c25 cm a1. Hacienda pública y actitudes con respecto al Estado - 2. Una primera aproximación al sector público - 3. las herramientas del análisis positivo - 4. Las herramientas del análisis normativo - 5. Bienes públicos - 6. Externalidades - 7. Teoría económica de la política - 8. Redistribución de la renta: aspectos conceptuales - 9. Programas de gasto para combatir la pobreza - 10. Seguros sociales I:la seguridad social y el seguro de desempleo - 11. Seguros sociales II:sanidad - 12. El análisis coste benefico - 13. Imposición y distribución dela renta - 14. Imposición y eficiencia - 15.Imposición eficiente y equitativa - 16. El impuesto personal sobre la renta - 17. La imposición personal y el comportamiento - 18. El impuesto de las sociedades - 19. La financiación a través del déficit - 20. Los impuestos sobre el consumo y la riqueza - 21. La hacienda pública en un sistema federal. 1 aRuiz - Huerta, Jesús1 aRosen, Harvey S.1 aLoscos, Javier1 aDíaz de Sarralde, Santiago1 aTrinidad, Gloria1 aVizán, Carmen41uhttps://biblioeco.unsa.edu.ar/pmb/images/libros/Hacienda publica-l116710.jpgyImagen de portadaqimage/jpeg